Statistics for City Names that US States Have in Common with Other Countries #2

Click here to take the quiz!

General Stats

  • This quiz has been taken 243 times
  • The average score is 13 of 31

Answer Stats

US StateCountryCity% Correct
OhioIrelandDublin
81%
AlabamaGreeceAthens
78%
New YorkItalyRome
74%
TennesseeJamaicaKingston
73%
IllinoisEgyptCairo
72%
TexasFranceParis
72%
VirginiaAustriaVienna
70%
IndianaPolandWarsaw
66%
IdahoRussiaMoscow
64%
New HampshirePortugalLisbon
63%
VirginiaSyriaDamascus
61%
LouisianaEgyptAlexandria
60%
FloridaAustraliaMelbourne
57%
FloridaItalyNaples
57%
MarylandGermanyBerlin
54%
LouisianaItalyVenice
53%
ArizonaItalyFlorence
52%
MontanaSerbiaBelgrade
49%
New MexicoArgentinaSanta Fe
48%
WashingtonGreeceOlympia
21%
IndianaChileValparaiso
20%
MissouriMexicoMexico
16%
WisconsinItalyVerona
10%
AlabamaTurkeyTroy
8%
CaliforniaCubaSanta Clara
7%
WashingtonUnited KingdomAberdeen
4%
CaliforniaJamaicaSanta Cruz
4%
CaliforniaParaguaySan Bernardino
3%
ConnecticutIrelandWestport
2%
VirginiaDenmarkFredericksburg
1%
TexasNicaraguaSan Marcos
1%

Score Distribution

Percentile by Number Answered

Percent of People with Each Score

Your Score History

You have not taken this quiz